000 00800namaa22002177a 4500
005 20180118164228.0
008 141113b xxu||||| |||| 00| 0 eng d
041 _aeng
082 _a660.2995
_bYAS 2014
100 0 _aYasir Waheed
245 _aModelling and simulation of a fixed-bed reactor for the production of liquid fuel synthesis gas
_cYasir Waheed; supervised by Shahid Hussain Ansari.
260 _c2014
300 _avii, 82 pages.
_e+CD ROM.
502 _aThesis
650 0 _aFixed-bed Reactor
650 0 _aCatalysts
650 0 _aChemical process
700 1 _aAnsari, Shahid Hussain
942 _cTHESIS
999 _c354570
_d354570